Derailed estimates of the annual plan schemes for the year 1968-69 (Record no. 497015)

000 -LEADER
fixed length control field 00331cam a22001097a 4500
008 - FIXED-LENGTH DATA ELEMENTS--GENERAL INFORMATION
fixed length control field 180718b1968 xxu||||| |||| 00| 0 eng d
082 ## - DEWEY DECIMAL CLASSIFICATION NUMBER
Classification number T000x5444 1968-69d
245 ## - TITLE STATEMENT
Title Derailed estimates of the annual plan schemes for the year 1968-69
Statement of responsibility, etc. --
260 ## - PUBLICATION, DISTRIBUTION, ETC.
Place of publication, distribution, etc. Bangalore
Name of publisher, distributor, etc. The Government Press
Date of publication, distribution, etc. 1968
300 ## - PHYSICAL DESCRIPTION
Extent xlii,232p.
700 ## - ADDED ENTRY--PERSONAL NAME
Personal name --
Holdings
Withdrawn status Lost status Damaged status Not for loan Permanent Location Current Location Date acquired Full call number Barcode Date last seen Price effective from Koha item type
        Indian Institute of Public Administration Indian Institute of Public Administration 2018-08-04 T000x5444 1968-69d GG8830 2018-08-04 2018-08-04 GG

Powered by Koha